Chaîne de mots "Spécial" #2 - Statistiques

Statistiques générales
  • Ce quiz a été pris 188 fois
  • Le résultat moyen est 18 sur 30
Statistiques - réponses
Hint Réponse % Correct
On l'envoie pour parler a quelqu'un par téléphone Message
87%
Bagage contenant souvent des roulettes et sa poignée Valise
87%
2 portes, une pour la sortie et l'autre pour l'...... Entrée
85%
Indispensable pour faire de l'équitation Cheval
84%
Carnets a l'intérieur duquel on marquait les devoirs Agendas
82%
Outil avec lequel on se faire du vent lorsqu'on à chaud Eventail
79%
Sauce blanche faîte avec beurre farine et lait Béchamel
75%
Ils existent vraiment Réels
73%
Province du Canada, l'une des plus connues Quebec
72%
Département appartenant a Nice Alpes-Maritimes
71%
Lieu lointain, souvent inconnu Ailleurs
70%
Expédition de chasse au gros gibier en Afrique Safari
70%
Grenoblois, Viennois, Echirollois, Meylanais, Turripinois Isérois
69%
Un petit venant d'éclore Oisillon
69%
Marque de shampooing par LOREAL Elseve
67%
Organisation visant a limiter le travail clandestin et la fraude URSSAF
65%
Département juste aussi du premier dans l'ordre alphabétique Ardèche
63%
Dire merci en japonais Arigato
63%
En psychiatrie cela désigne un état dépressif aigu Mélancolie
62%
Infinitésimal, Nucléaire sont ces synonymes Atomique
61%
On les conserves avec les gens qu'on apprécie dans la vie Liens
61%
Groupe bossant les uns avec les autres Ensemble
58%
Tableau de bord en anglais Dashboard
53%
Pour certains, il est pécheur, sinon champion du monde MotoGP 2024 Martin
41%
S'il neige abondamment, c'est qu'il neige Longuement
38%
Céphalopode marin Calamar
31%
Désigne le A dans l'abréviation AVS Auxiliaire
23%
Écriture différée d'une boisson mexicaine a base de Yucca Mescal
13%
Mouvements involontaires des paupières Blépharospasmes
7%
Masculin pluriel de quelque chose relatif à la teinture Tinctoriaux
4%
Aucun quiz correspondant
Distribution des résultats
% des personnes avec chaque résultat
Percentile par nombre de réponses
Votre historique - résultats
Vous n’avez pas pris ce quiz